| 000 | 00906nas a2200289 i 4500 | ||
|---|---|---|---|
| 001 | 1476 | ||
| 003 | ES-MaACL | ||
| 005 | 20250816092950.0 | ||
| 007 | t| | ||
| 008 | 950801d19011937fr m| p | ||re d | ||
| 080 | _a391 | ||
| 080 | _a687.1 | ||
| 245 | 0 | 4 |
_aLes Modes / _c[dir. M. Manzi]. |
| 246 | 3 | _aLes Modes (Paris. 1901) | |
| 260 |
_aParis : _bManzi, Joyant et Cie, _c1901-[1937] |
||
| 300 |
_a3 v. : _bil., grab. ; _c36 cm. |
||
| 310 | _aMensual | ||
| 362 | 1 | _aN. 1 (en. 1901)-[ca. marzo 1937] | |
| 500 | _aEl v. 3 corresponde a un Álbum para el año 1903 (24 p. con láminas) | ||
| 530 | _aDisponible en formato digital. | ||
| 650 | 4 |
_aModa. _915119 |
|
| 650 | 7 |
_aEconomía doméstica _2embne _9135945 |
|
| 852 | 4 |
_aES-MaACL _jB-6494-96 |
|
| 856 | 4 |
_uhttp://gallica.bnf.fr/ark:/12148/cb32817646w/date _zBNF-Gallica _z(1902-1937) |
|
| 866 | 0 | _o1901-02(1903). | |
| 999 |
_c1476 _d1476 |
||